Vita da Vip

Đã lưu trong:
Chi tiết về thư mục
Tác giả chính: Marini, Marina
Định dạng: Sách
Ngôn ngữ:Tiếng Anh
Được phát hành: Roma 2010
Các nhãn: Thêm thẻ
Không có thẻ, Là người đầu tiên thẻ bản ghi này!

MARC

LEADER 00000nam a2200000 4500
005 20240710182206.0
008 240710b |||||||| |||| 00| 0 eng d
040 |c GP 
100 |a Marini, Marina 
245 |a Vita da Vip 
260 |a Roma  |c 2010 
942 |2 ddc  |c BK  |n 0 
952 |0 0  |1 0  |2 ddc  |4 0  |6 853_000000000000000_MAR  |7 1  |9 1603  |a RM  |b RM  |d 2024-07-10  |l 0  |o 853 MAR  |p 273  |r 2024-07-10 18:22:21  |w 2024-07-10  |y BK 
999 |c 1422  |d 1422